00681nam a2200205 450000100060000000300080000600500170001400800410003103500190007204000340009104100080012508200180013310000570015124500790020826000370028730000560032450400390038065100240041970000320044326404BD-RjUL20211209051019.0140322s1960 enkabcd b u001 eng  a(BD-RjUL)26474 aNUWS:WbengcLCdANLdBD-RjUL aeng00a950bREE 19601 aReischauer, Edwin O.q(Edwin Oldfather),d1910-1990.10aEast Asia :bthe great tradition /cEdwin O. Reischauer, John K. Fairbank. aLondon :bAllen & Unwin,cc1960. axiv, 739 p. :bill., maps, ports., charts ;c25 cm. aBibliography: p.679-686 and index. 0aEast AsiaxHistory.1 aFairbank, John King,d1907-